000 00470nam a2200181Ia 4500
001 3114
005 20260306144857.0
008 260306t2012||||xx |||||||||||||| ||spa||
041 _aESP
082 _a255.095
_bR27 T. 11
100 _aRatzinger, Joseph
_eAUT
245 0 _aTeología de la liturgia:
_bla fundamentación sacramental de la existencia cristiana
260 _c2012
300 _a
_c23 cm.
650 _aGEN
654 _aCHU
942 _cLIB
_dJUS
_fJUS
_2ddc
_n
999 _c3114
_d3114